[Event "Dutch League 2023-24"]
[Site "Netherlands NED"]
[Date "2024.03.02"]
[Round "7.5"]
[White "Kuipers, Stefan"]
[Black "Kerigan, Demre"]
[Result "1-0"]
[WhiteTitle "IM"]
[BlackTitle "IM"]
[WhiteElo "2444"]
[BlackElo "2362"]
[WhiteTeam "AMEVO Apeldoorn"]
[BlackTeam "Paul Keres"]
[WhiteFideId "1018400"]
[BlackFideId "6307841"]
[EventDate "2023.09.16"]
[EventType "team"]

1. e4 e5 2. Nf3 Nc6 3. Bc4 Nf6 4. d3 Bc5 5. c3 a5 6. Bg5 h6 7. Bh4 d6 8. Nbd2
Ba7 9. O-O g5 10. Bg3 O-O 11. Re1 Nh7 12. d4 h5 13. h3 h4 14. Bh2 exd4 15. cxd4
Nxd4 16. Nxd4 Bxd4 17. Nf3 Bxb2 18. Rb1 Bg7 19. a4 Re8 20. Qd3 Nf8 21. Rb5 Bh6
22. Qd2 Ne6 23. Rf5 Qe7 24. Nxh4 Qf8 25. Rf6 Qg7 26. e5 gxh4 27. Qxh6 d5 28.
Bxd5 Rd8 29. Bxe6 Bxe6 30. Qxh4 Rd3 31. Bg3 Rad8 32. Re4 Re8 33. Rff4 1-0

[Event "Dutch League 2023-24"]
[Site "Netherlands NED"]
[Date "2024.03.02"]
[Round "7.6"]
[White "Smeets, Kobe"]
[Black "Lammens, Tim"]
[Result "1-0"]
[WhiteTitle "FM"]
[BlackTitle "FM"]
[WhiteElo "2274"]
[BlackElo "2238"]
[WhiteTeam "Paul Keres"]
[BlackTeam "AMEVO Apeldoorn"]
[WhiteFideId "1063910"]
[BlackFideId "1008803"]
[EventDate "2023.09.16"]
[EventType "team"]

1. e4 c6 2. d4 d5 3. e5 Bf5 4. h4 h6 5. g4 Be4 6. f3 Bh7 7. Bd3 Bxd3 8. Qxd3 e6
9. Be3 h5 10. g5 Ne7 11. Nd2 Nf5 12. Bf2 Qa5 13. Ne2 c5 14. c4 dxc4 15. Qxc4 Nc6
16. Qc3 Qxc3 17. bxc3 cxd4 18. cxd4 Bb4 19. O-O-O Rc8 20. Kb1 Bxd2 21. Rxd2 O-O
22. Nf4 g6 23. d5 Nxe5 24. dxe6 Rc4 25. Nd5 fxe6 26. Nf6+ Kg7 27. Re1 Nxf3 28.
Rd7+ Rf7 29. Rxe6 Rxd7 30. Nxd7 Re4 31. Rxe4 Nd2+ 32. Kc2 Nxe4 33. Be1 Ne7 34.
Ne5 Nc6 35. Nxc6 bxc6 36. Kd3 Nd6 37. Kd4 Nb7 38. Ke5 Kf7 39. Bb4 a6 40. a4 c5
41. Be1 Ke7 42. Kd5 Kd7 43. Bg3 c4 44. Kxc4 Nd6+ 45. Kd5 Nf5 46. Bf2 Ke7 47. Kc6
Ke6 48. Kb6 Kd5 49. Kxa6 Kc6 50. Ka5 Nd6 51. Kb4 Ne4 52. Be3 Nd6 53. Bf2 Ne4 54.
Bg1 Nd6 55. a5 Nb5 56. a6 Nc7 57. Ka5 Nd5 58. a7 Kb7 59. Kb5 Nc7+ 60. Kc4 Kc6
61. Kd4 Kd7 62. Ke5 Ke7 63. Bb6 Na8 64. Ba5 1-0

[Event "Dutch League 2023-24"]
[Site "Netherlands NED"]
[Date "2024.03.02"]
[Round "7.7"]
[White "Zwirs, Nico"]
[Black "Wemmers, Xander"]
[Result "1-0"]
[WhiteTitle "IM"]
[BlackTitle "IM"]
[WhiteElo "2480"]
[BlackElo "2350"]
[WhiteTeam "AMEVO Apeldoorn"]
[BlackTeam "Paul Keres"]
[WhiteFideId "1036432"]
[BlackFideId "1004182"]
[EventDate "2023.09.16"]
[EventType "team"]

1. e4 c5 2. Nf3 d6 3. d4 cxd4 4. Nxd4 Nf6 5. Nc3 Nc6 6. Bg5 e6 7. Qd2 a6 8. Nxc6
bxc6 9. O-O-O Be7 10. Bxf6 gxf6 11. Bc4 Qa5 12. Rhe1 Rb8 13. Bb3 Rg8 14. f4 h5
15. Kb1 Rb7 16. f5 Qe5 17. g3 Bf8 18. Qe2 Rb4 19. Qxh5 c5 20. a3 Rb7 21. Qe2 Rb6
22. Qc4 Bd7 23. Nd5 Rb7 24. Qxa6 Rb8 25. Qa7 Rd8 26. Nb6 Bc6 27. Nc4 1-0

[Event "Dutch League 2023-24"]
[Site "Netherlands NED"]
[Date "2024.03.02"]
[Round "7.8"]
[White "Breukelman, Jan"]
[Black "Van de Oudeweetering, Arthur"]
[Result "1-0"]
[WhiteTitle "FM"]
[BlackTitle "IM"]
[WhiteElo "2411"]
[BlackElo "2253"]
[WhiteTeam "Paul Keres"]
[BlackTeam "AMEVO Apeldoorn"]
[WhiteFideId "1015583"]
[BlackFideId "1000551"]
[EventDate "2023.09.16"]
[EventType "team"]

1. c4 Nf6 2. Nc3 e5 3. g3 d5 4. cxd5 Nxd5 5. Bg2 Nb6 6. Nf3 Nc6 7. O-O Be7 8. a3
O-O 9. b4 Be6 10. Rb1 f6 11. d3 a5 12. b5 Nd4 13. Nd2 Ra7 14. e3 Nf5 15. Qc2 a4
16. Nc4 Qc8 17. Rd1 Nd6 18. Nxb6 cxb6 19. Bd2 Bb3 20. Rxb3 axb3 21. Qxb3+ Kh8
22. a4 Ra8 23. Nd5 Qd8 24. Bb4 Re8 25. Bh3 Bf8 26. Rc1 f5 27. Bxd6 Bxd6 28. Bxf5
Bc5 29. Be4 Rf8 30. h4 Qd7 31. Qb2 Rae8 32. a5 Qd6 33. Qc3 Ra8 34. axb6 Bxb6 35.
Nxb6 Qxb6 36. Qxe5 Rac8 37. Rxc8 Rxc8 38. Qf5 Rc1+ 39. Kg2 1-0

[Event "Dutch League 2023-24"]
[Site "Netherlands NED"]
[Date "2024.03.02"]
[Round "7.9"]
[White "Van Beek, Lucien"]
[Black "Kokje, Joris"]
[Result "0-1"]
[WhiteTitle "IM"]
[BlackTitle "FM"]
[WhiteElo "2341"]
[BlackElo "2288"]
[WhiteTeam "AMEVO Apeldoorn"]
[BlackTeam "Paul Keres"]
[WhiteFideId "1004069"]
[BlackFideId "1051024"]
[EventDate "2023.09.16"]
[EventType "team"]

1. d4 Nf6 2. c4 g6 3. Nc3 Bg7 4. e4 d6 5. Be2 O-O 6. Bg5 c5 7. d5 a6 8. a4 e6 9.
Qd2 exd5 10. exd5 Re8 11. Nf3 Bg4 12. O-O Nbd7 13. h3 Bxf3 14. Bxf3 Qb6 15. Qc2
Re5 16. Bf4 Re7 17. g4 h6 18. Kg2 Rae8 19. Ra3 Qc7 20. a5 Ne5 21. Be2 Ned7 22.
Bd3 Ne5 23. Be2 Ned7 24. f3 Nxg4 25. hxg4 Bxc3 26. Bd3 Bg7 27. Rf2 Ne5 28. Be2
Qd7 29. Re3 f5 30. g5 Nf7 31. Rxe7 Qxe7 32. gxh6 Bd4 33. Bd3 Bxf2 34. Qxf2 Qe1
35. Bd2 Qxf2+ 36. Kxf2 Kh7 37. b4 cxb4 38. Bxb4 Kxh6 39. Bc2 Kg5 40. Bb3 Kf6 41.
c5 Ke7 42. Ke3 Kd7+ 43. Kf4 Re5 44. Ba4+ Kc8 45. cxd6 Rxd5 0-1

[Event "Dutch League 2023-24"]
[Site "Netherlands NED"]
[Date "2024.03.23"]
[Round "8.1"]
[White "Schoppen, Casper"]
[Black "Burg, Twan"]
[Result "1-0"]
[WhiteTitle "GM"]
[BlackTitle "GM"]
[WhiteElo "2546"]
[BlackElo "2509"]
[WhiteTeam "Kennemer Combinatie"]
[BlackTeam "HMC Den Bosch"]
[WhiteFideId "1046730"]
[BlackFideId "1010697"]
[EventDate "2023.09.16"]
[EventType "team-tourn"]

1. e4 e5 2. Nf3 Nf6 3. d4 Nxe4 4. Bd3 Nc6 5. d5 Nf6 6. dxc6 e4 7. cxb7 Bxb7 8.
Be2 exf3 9. Bxf3 Bxf3 10. Qxf3 d5 11. O-O Be7 12. c4 O-O 13. cxd5 Qxd5 14. Qh3
c5 15. Nc3 Qc6 16. Bf4 Qb6 17. Rae1 Rfe8 18. Qf3 Bf8 19. b3 Qa6 20. Re3 Rac8 21.
Bg5 Nd7 22. Qf5 Rxe3 23. Bxe3 Qe6 24. Qxe6 fxe6 25. Ne4 h6 26. Rc1 a5 27. Kf1
Kf7 28. Ke2 e5 29. Nd2 a4 30. b4 Rc7 31. Ne4 c4 32. a3 Nf6 33. Nc3 Ng4 34. Bb6
Rc6 35. Nxa4 e4 36. Ba5 Ne5 37. b5 Rc8 38. Nb6 Rb8 39. a4 Bc5 40. Nxc4 Nd3 41.
Ne5+ Ke6 42. Nxd3 exd3+ 43. Kxd3 Bxf2 44. Bc7 1-0

[Event "Dutch League 2023-24"]
[Site "Netherlands NED"]
[Date "2024.03.23"]
[Round "8.2"]
[White "Fernandez, Daniel Howard"]
[Black "Dardha, Daniel"]
[Result "1-0"]
[WhiteTitle "GM"]
[BlackTitle "GM"]
[WhiteElo "2528"]
[BlackElo "2630"]
[WhiteTeam "HMC Den Bosch"]
[BlackTeam "Kennemer Combinatie"]
[WhiteFideId "5801605"]
[BlackFideId "240990"]
[EventDate "2023.09.16"]
[EventType "team-tourn"]

1. e4 c5 2. Nf3 Nc6 3. Bb5 e6 4. O-O Nge7 5. b3 a6 6. Bxc6 Nxc6 7. Bb2 b5 8. d4
cxd4 9. Nxd4 Bb7 10. a4 bxa4 11. Rxa4 Be7 12. Nd2 O-O 13. Qa1 Nxd4 14. Bxd4 f6
15. Rd1 e5 16. Bb2 d5 17. Nc4 d4 18. f3 f5 19. exf5 e4 20. Ra5 exf3 21. Rxd4 Qc7
22. Rg4 f2+ 23. Kf1 g6 24. fxg6 h6 25. Rh5 Rae8 26. Rxh6 Bf6 27. Bxf6 Bxg2+ 28.
Kxf2 Qg7 29. Kxg2 Re2+ 30. Kh1 Rxf6 31. Rh7 Qf8 32. Rh8+ Kxh8 33. g7+ Qxg7 34.
Rxg7 Kxg7 35. Ne3 Kf7 36. Ng4 Rfe6 37. Qa5 Ke7 38. Qc5+ Kd7 39. Kg1 Rd2 40. Ne5+
Ke8 41. Qc8+ Ke7 42. Qb7+ Kf6 43. Qf3+ 1-0

[Event "Dutch League 2023-24"]
[Site "Netherlands NED"]
[Date "2024.03.23"]
[Round "8.3"]
[White "Vrolijk, Liam"]
[Black "Bosch, Jeroen"]
[Result "1-0"]
[WhiteTitle "GM"]
[BlackTitle "IM"]
[WhiteElo "2556"]
[BlackElo "2404"]
[WhiteTeam "Kennemer Combinatie"]
[BlackTeam "HMC Den Bosch"]
[WhiteFideId "1048333"]
[BlackFideId "1001280"]
[EventDate "2023.09.16"]
[EventType "team-tourn"]

1. d4 d5 2. Nf3 e6 3. c4 Nd7 4. Nc3 Ngf6 5. Qc2 dxc4 6. e4 Nb6 7. Be3 Bb4 8. Be2
Bd7 9. O-O Bxc3 10. bxc3 Ba4 11. Qb1 Qd7 12. Nd2 Qb5 13. Qc1 O-O 14. f4 Qe8 15.
f5 e5 16. dxe5 Qxe5 17. Bd4 Qe7 18. e5 Nfd7 19. Ne4 f6 20. e6 Bc6 21. Qf4 Bxe4
22. Qxe4 c5 23. Be3 Ne5 24. Bf4 Rfd8 25. Rad1 Nd3 26. Bxd3 cxd3 27. Rxd3 Rxd3
28. Qxd3 Rd8 29. Qe4 Nd5 30. Bd2 Qc7 31. c4 Ne7 32. Bc3 Qc6 33. Qe2 Qd6 34. Qh5
Rf8 35. Qf3 g6 36. fxg6 Nxg6 37. Qd5 Qe7 38. Bxf6 Rxf6 39. Rxf6 1-0

[Event "Dutch League 2023-24"]
[Site "Netherlands NED"]
[Date "2024.03.23"]
[Round "8.4"]
[White "Dijkhuis, Tycho"]
[Black "Cheng, Bobby"]
[Result "0-1"]
[WhiteTitle "IM"]
[BlackTitle "GM"]
[WhiteElo "2407"]
[BlackElo "2583"]
[WhiteTeam "HMC Den Bosch"]
[BlackTeam "Kennemer Combinatie"]
[WhiteFideId "1036564"]
[BlackFideId "4300033"]
[EventDate "2023.09.16"]
[EventType "team-tourn"]

1. e4 c5 2. Nf3 d6 3. Nc3 Nf6 4. e5 dxe5 5. Nxe5 a6 6. g3 Qd6 7. Nc4 Qc6 8. Rg1
Bg4 9. Be2 h5 10. f3 Be6 11. d4 Nbd7 12. Bf4 Bxc4 13. Bxc4 cxd4 14. Qxd4 e5 15.
Bxe5 Bc5 16. Qf4 Bxg1 17. O-O-O Nxe5 18. Qxe5+ Kf8 19. Bb3 Re8 20. Qa5 Bb6 21.
Qb4+ Bc5 22. Qa5 Qb6 0-1

[Event "Dutch League 2023-24"]
[Site "Netherlands NED"]
[Date "2024.03.23"]
[Round "8.5"]
[White "Zelbel, Patrick"]
[Black "Van der Stricht, Geert"]
[Result "1-0"]
[WhiteTitle "IM"]
[BlackTitle "IM"]
[WhiteElo "2481"]
[BlackElo "2303"]
[WhiteTeam "Kennemer Combinatie"]
[BlackTeam "HMC Den Bosch"]
[WhiteFideId "24624322"]
[BlackFideId "201324"]
[EventDate "2023.09.16"]
[EventType "team-tourn"]

1. e4 c5 2. Nf3 d6 3. Nc3 Nf6 4. e5 dxe5 5. Nxe5 Nbd7 6. d4 e6 7. Bf4 Be7 8.
dxc5 Bxc5 9. Qf3 Nxe5 10. Bxe5 O-O 11. Rd1 Nd7 12. Qg3 f6 13. Bf4 Qe7 14. Bc4
Nb6 15. Bb3 Kh8 16. Bd6 Bxd6 17. Qxd6 Qxd6 18. Rxd6 e5 19. O-O Bd7 20. Nd5 Bc6
21. Nc7 Rad8 22. Rfd1 Rxd6 23. Rxd6 Nc8 24. Rd1 Ne7 25. Ne6 Rc8 26. Nd8 h5 27.
h3 Rc7 28. c3 Be8 29. Nxb7 Kh7 30. Nd8 Bd7 31. Rd6 Nf5 32. Bc2 Kg8 33. Ra6 Bc8
34. Rc6 Rxc6 35. Nxc6 Bd7 36. Nb8 Be6 37. Bxf5 Bxf5 38. Nc6 Bb1 39. a4 a6 40.
Nb4 a5 41. Nc6 Bc2 42. Nxa5 Bxa4 43. h4 g5 44. hxg5 fxg5 45. Nc4 e4 46. Nd6 Bc2
47. b4 Kf8 48. c4 Ke7 49. c5 Ke6 50. b5 Kd5 51. b6 Kc6 52. Nf7 1-0

[Event "Dutch League 2023-24"]
[Site "Netherlands NED"]
[Date "2024.03.23"]
[Round "8.6"]
[White "Schoorl, Rob"]
[Black "Elgersma, Onno"]
[Result "0-1"]
[WhiteTitle "FM"]
[BlackTitle "FM"]
[WhiteElo "2341"]
[BlackElo "2352"]
[WhiteTeam "HMC Den Bosch"]
[BlackTeam "Kennemer Combinatie"]
[WhiteFideId "1009508"]
[BlackFideId "1053531"]
[EventDate "2023.09.16"]
[EventType "team-tourn"]

1. Nf3 d5 2. c4 e6 3. g3 Nf6 4. Bg2 Be7 5. O-O O-O 6. b3 d4 7. e3 c5 8. Ne5 Qc7
9. f4 Nfd7 10. Nd3 Nc6 11. Na3 dxe3 12. dxe3 Bf6 13. Bb2 Rd8 14. Nb5 Qb8 15.
Bxf6 Nxf6 16. Qe2 e5 17. Nxc5 Bg4 18. Qf2 a6 19. Nc3 Qa7 20. Nxb7 exf4 21. Nxd8
fxe3 22. Qe1 Rxd8 23. Bxc6 Rd2 24. Rf4 Qc5 25. Bf3 Bxf3 26. Rxf3 Qh5 27. Qxd2
exd2 28. Rd3 Qe5 29. Rd1 h5 30. R1xd2 h4 31. gxh4 Nh5 32. Nd5 Qe1+ 33. Kg2 Qe4+
34. Kf2 Qxh4+ 35. Ke3 f5 36. Rf2 g6 37. Rd4 Qg5+ 38. Ke2 Qc1 39. Rd2 Qb1 40. Rf3
Qh1 41. c5 Qxh2+ 42. Kd3 Qh1 43. Ke3 Qc1 44. c6 Kf7 45. c7 Nf6 46. Nxf6 Kxf6 47.
Ke2 Qxc7 48. Rfd3 Qe5+ 49. Re3 Qb5+ 50. Kd1 Qf1+ 51. Kc2 f4 52. Rd6+ Kf5 53.
Rd5+ Kg4 54. Ree5 Qg2+ 55. Kc3 Kh4 56. Rd8 Qxa2 57. Rd4 Qa1+ 58. Kd3 g5 59. Ke4
Qb1+ 60. Rd3 f3 61. Rf5 g4 62. Rf8 f2 63. Rh8+ Kg5 64. Rg8+ Kh5 0-1

[Event "Dutch League 2023-24"]
[Site "Netherlands NED"]
[Date "2024.03.23"]
[Round "8.7"]
[White "Nijboer, Friso"]
[Black "Senders, Mischa"]
[Result "1-0"]
[WhiteTitle "GM"]
[BlackTitle "FM"]
[WhiteElo "2473"]
[BlackElo "2310"]
[WhiteTeam "Kennemer Combinatie"]
[BlackTeam "HMC Den Bosch"]
[WhiteFideId "1000063"]
[BlackFideId "1038370"]
[EventDate "2023.09.16"]
[EventType "team-tourn"]

1. e4 g6 2. d4 c6 3. Nc3 Bg7 4. Nf3 d6 5. h3 Nf6 6. Bd3 O-O 7. O-O Nbd7 8. e5
dxe5 9. dxe5 Nd5 10. Nxd5 cxd5 11. Re1 Nc5 12. Bf1 Be6 13. c3 Qc7 14. Bf4 b5 15.
Nd4 a6 16. Qd2 Rab8 17. Rac1 Rb7 18. Qe3 Nd7 19. h4 Rfb8 20. Nxe6 fxe6 21. h5
gxh5 22. Qh3 Rf8 23. Qxe6+ Kh8 24. Bh2 Qc5 25. Bg3 Nb6 26. Rcd1 Rc7 27. Qh3 Nc4
28. Re2 Rcc8 29. e6 1-0

[Event "Dutch League 2023-24"]
[Site "Netherlands NED"]
[Date "2024.03.23"]
[Round "8.8"]
[White "Martens, Martin"]
[Black "Grutter, Tim"]
[Result "1/2-1/2"]
[WhiteTitle "IM"]
[BlackTitle "FM"]
[WhiteElo "2313"]
[BlackElo "2317"]
[WhiteTeam "HMC Den Bosch"]
[BlackTeam "Kennemer Combinatie"]
[WhiteFideId "1000683"]
[BlackFideId "1057472"]
[EventDate "2023.09.16"]
[EventType "team-tourn"]

1. e4 e5 2. Bc4 Nf6 3. d3 c6 4. Nf3 d5 5. Bb3 Bb4+ 6. Bd2 Bxd2+ 7. Qxd2 a5 8. a3
O-O 9. Nxe5 Qe7 10. f4 dxe4 11. d4 Be6 12. Bxe6 Qxe6 13. O-O Nbd7 14. Nc3 Rad8
15. Rad1 Nb6 16. Ne2 a4 17. Qc1 Qe7 18. c4 1/2-1/2

[Event "Dutch League 2023-24"]
[Site "Netherlands NED"]
[Date "2024.03.23"]
[Round "8.9"]
[White "Godzwon, Iwo"]
[Black "Mollema, Thomas"]
[Result "1-0"]
[WhiteTitle "FM"]
[BlackTitle "CM"]
[WhiteElo "2402"]
[BlackElo "2227"]
[WhiteTeam "Kennemer Combinatie"]
[BlackTeam "HMC Den Bosch"]
[WhiteFideId "21802483"]
[BlackFideId "1034987"]
[EventDate "2023.09.16"]
[EventType "team-tourn"]

1. e4 e5 2. Nf3 Nf6 3. Nxe5 d6 4. Nc4 Nxe4 5. Qe2 Qe7 6. Ne3 c6 7. g3 d5 8. Bg2
Nd6 9. d4 g6 10. O-O Bg7 11. Re1 O-O 12. c3 Re8 13. Nd2 Na6 14. b3 Nc7 15. Ba3
Ncb5 16. Bb2 Nf5 17. Ndf1 Nxe3 18. Nxe3 Nc7 19. a4 a5 20. Qd3 Bd7 21. Rad1 h5
22. Qd2 Qf6 23. c4 Be6 24. c5 Ra7 25. Bc3 Rea8 26. Rf1 Kh7 27. f4 Bf5 28. h3 Re8
29. g4 Be4 30. g5 Qe7 31. Bxe4 Qxe4 32. Rde1 Qe6 33. f5 gxf5 34. Nxf5 Qd7 35.
Rxe8 Qxe8 36. Nd6 Qe6 37. Qd3+ Kg8 38. Nxf7 Ra8 39. Nd6 b6 40. Re1 Qd7 41. Qf5 1-0

[Event "Dutch League 2023-24"]
[Site "Netherlands NED"]
[Date "2024.03.23"]
[Round "8.10"]
[White "Margarido, Jose Miguel Teixeira"]
[Black "Pham, Khoi"]
[Result "0-1"]
[BlackTitle "FM"]
[WhiteElo "2079"]
[BlackElo "2396"]
[WhiteTeam "HMC Den Bosch"]
[BlackTeam "Kennemer Combinatie"]
[WhiteFideId "1914227"]
[BlackFideId "1054988"]
[EventDate "2023.09.16"]
[EventType "team-tourn"]

1. c4 Nf6 2. g3 g6 3. b3 Bg7 4. Bb2 O-O 5. Bg2 d6 6. Nf3 e5 7. d3 Re8 8. O-O c6
9. b4 a5 10. b5 cxb5 11. cxb5 Nbd7 12. Nc3 d5 13. e3 b6 14. Rc1 Bb7 15. Na4 Rc8
16. Rxc8 Qxc8 17. Qb3 Qa8 18. h3 d4 19. e4 Bh6 20. h4 Qd8 21. Ba3 Nf8 22. Bh3
N6d7 23. Ng5 Bxg5 24. hxg5 Ne6 25. f4 exf4 26. gxf4 Nxf4 27. Rxf4 Qxg5+ 28. Rg4
Qe3+ 29. Kh2 Ne5 30. Rg3 Qe2+ 31. Bg2 Ng4+ 32. Rxg4 Qxg4 33. Nxb6 Qh4+ 34. Kg1
Qe1+ 35. Kh2 Re5 36. Qc2 Qe3 37. Bh3 Rg5 38. Bg2 Rh5+ 0-1

[Event "Dutch League 2023-24"]
[Site "Netherlands NED"]
[Date "2024.03.23"]
[Round "8.1"]
[White "Ten Hertog, Hugo"]
[Black "Peelen, Piet"]
[Result "1/2-1/2"]
[WhiteTitle "GM"]
[BlackTitle "IM"]
[WhiteElo "2519"]
[BlackElo "2343"]
[WhiteTeam "Paul Keres"]
[BlackTeam "Zukertort Amstelveen"]
[WhiteFideId "1026356"]
[BlackFideId "1000403"]
[EventDate "2023.09.16"]
[EventType "team-tourn"]

1. Nf3 Nf6 2. g3 g6 3. Bg2 Bg7 4. O-O O-O 5. b3 d6 6. d4 e5 7. dxe5 dxe5 8. Bb2
e4 9. Qxd8 Rxd8 10. Nfd2 Bf5 11. Nc4 Nd5 12. Bxg7 Kxg7 13. Na5 b6 14. Rd1 Rd7
15. g4 bxa5 16. gxf5 gxf5 17. c4 Nf4 18. Nc3 Kf6 19. e3 Nxg2 20. Kxg2 c6 21. Na4
Ke7 22. Nc5 Rd6 23. Kg3 Nd7 24. Nxd7 Kxd7 25. Kf4 Rg8 26. Kxf5 Rg2 27. c5 Rxf2+
28. Kxe4 Rdd2 29. Rxd2+ Rxd2 30. Ke5 Ke7 31. h4 Rd5+ 32. Kf4 Rxc5 33. Rg1 Rc2
34. a4 Rb2 35. Rg5 Rxb3 36. Rxa5 Ke6 37. h5 h6 38. Rxa7 Rb4+ 39. Kf3 Rh4 40. Ra5
f5 41. Rc5 Rxa4 42. Rxc6+ Ke5 43. Rxh6 f4 44. exf4+ Rxf4+ 45. Kg3 Ra4 46. Rb6
Kf5 47. h6 Kg5 48. Rb5+ 1/2-1/2

[Event "Dutch League 2023-24"]
[Site "Netherlands NED"]
[Date "2024.03.23"]
[Round "8.2"]
[White "Ris, Robert"]
[Black "Smeets, Kobe"]
[Result "1/2-1/2"]
[WhiteTitle "IM"]
[BlackTitle "FM"]
[WhiteElo "2437"]
[BlackElo "2274"]
[WhiteTeam "Zukertort Amstelveen"]
[BlackTeam "Paul Keres"]
[WhiteFideId "1011480"]
[BlackFideId "1063910"]
[EventDate "2023.09.16"]
[EventType "team-tourn"]

1. e4 c5 2. Nf3 e6 3. d4 cxd4 4. Nxd4 Nc6 5. Nc3 Qc7 6. Be3 a6 7. Bd3 Nf6 8. Qe2
b5 9. Nxc6 Qxc6 10. e5 Nd5 11. Be4 Bb4 12. Bd2 Bxc3 13. Bxc3 Bb7 14. Bb4 Rc8 15.
Bd6 Qc4 16. Qf3 g5 17. b3 Qd4 18. Rd1 Qc3+ 19. Qxc3 Rxc3 20. Kd2 Rc8 21. c4 f5
22. Bxd5 1/2-1/2

[Event "Dutch League 2023-24"]
[Site "Netherlands NED"]
[Date "2024.03.23"]
[Round "8.3"]
[White "Wemmers, Xander"]
[Black "Los, Sander"]
[Result "1-0"]
[WhiteTitle "IM"]
[BlackTitle "FM"]
[WhiteElo "2350"]
[BlackElo "2282"]
[WhiteTeam "Paul Keres"]
[BlackTeam "Zukertort Amstelveen"]
[WhiteFideId "1004182"]
[BlackFideId "1000527"]
[EventDate "2023.09.16"]
[EventType "team-tourn"]

1. d4 g6 2. c4 Bg7 3. Nf3 d6 4. Nc3 e5 5. e4 Nc6 6. d5 Nd4 7. Be2 c5 8. dxc6
bxc6 9. Be3 c5 10. b4 Ne7 11. bxc5 dxc5 12. O-O O-O 13. Rc1 Rb8 14. Ne1 Nec6 15.
Nd3 Qa5 16. Bd2 Ba6 17. Nd5 Nxe2+ 18. Qxe2 Nd4 19. Qd1 Qxa2 20. Ne3 Nb3 21. Rc2
Qa4 22. Rc3 Rfd8 23. Nd5 Rb7 24. Bg5 Rdb8 25. Bf6 Bxf6 26. Nxf6+ Kg7 27. Ng4 Qa5
28. Qf3 f5 29. Rxb3 Rxb3 30. exf5 Qd2 31. f6+ Kf8 32. Ngxe5 Rxd3 33. Nxd3 Bxc4
34. Qg3 Rb6 35. Qc7 Rxf6 36. Qxc5+ Kg7 37. Qxc4 1-0

[Event "Dutch League 2023-24"]
[Site "Netherlands NED"]
[Date "2024.03.23"]
[Round "8.4"]
[White "De Winter, Arthur"]
[Black "Lombaers, Peter"]
[Result "1-0"]
[WhiteTitle "IM"]
[BlackTitle "FM"]
[WhiteElo "2413"]
[BlackElo "2359"]
[WhiteTeam "Zukertort Amstelveen"]
[BlackTeam "Paul Keres"]
[WhiteFideId "1069020"]
[BlackFideId "1032852"]
[EventDate "2023.09.16"]
[EventType "team-tourn"]

1. e4 c5 2. Nf3 Nc6 3. Bb5 e6 4. Bxc6 bxc6 5. d3 Ne7 6. h4 d6 7. h5 e5 8. Nbd2
h6 9. Nc4 Ng8 10. b3 Be7 11. Ne3 Bg5 12. Nxg5 hxg5 13. Qf3 Nh6 14. Bd2 Be6 15.
O-O-O Qd7 16. Qe2 f6 17. Ba5 O-O 18. f3 Kh7 19. g3 f5 20. Rdf1 f4 21. gxf4 gxf4
22. Nc4 Rf6 23. Rfg1 Rg8 24. Rg5 Nf7 25. Rg2 Rh6 26. Qf1 Qe8 27. Bc3 Bxc4 28.
dxc4 Nh8 29. Qg1 Qe7 30. Be1 Qe6 31. Kb2 Qe8 32. Rg5 Nf7 33. Rg6 Nh8 34. Rg4 Nf7
35. Qg2 Nh8 36. Rg1 Qf7 37. Rg5 g6 38. hxg6+ Rgxg6 39. Qg4 Rxg5 40. Qxg5 Rg6 41.
Rh1+ Kg7 42. Qd8 Qg8 43. Qd7+ Nf7 44. Qxa7 Rh6 45. Rg1+ Rg6 46. Rxg6+ Kxg6 47.
Qd7 Qd8 48. Qf5+ Kg7 49. a4 d5 50. exd5 cxd5 51. Qg4+ Kf8 52. Bh4 Qd6 53. cxd5
Qxd5 54. Bf6 Ke8 55. Qc8+ Nd8 56. Qxd8+ Qxd8 57. Bxd8 1-0

[Event "Dutch League 2023-24"]
[Site "Netherlands NED"]
[Date "2024.03.23"]
[Round "8.5"]
[White "Kerigan, Demre"]
[Black "Spriestersbach, Kai"]
[Result "1-0"]
[WhiteTitle "IM"]
[WhiteElo "2362"]
[BlackElo "2288"]
[WhiteTeam "Paul Keres"]
[BlackTeam "Zukertort Amstelveen"]
[WhiteFideId "6307841"]
[BlackFideId "16269985"]
[EventDate "2023.09.16"]
[EventType "team-tourn"]

1. e4 e5 2. Nf3 Nc6 3. g3 Nf6 4. d3 d5 5. exd5 Nxd5 6. Bg2 Bd6 7. O-O O-O 8.
Nbd2 Bf5 9. a3 a5 10. Re1 Re8 11. Ne4 h6 12. b3 Rb8 13. Bb2 Nf6 14. Ned2 Bc5 15.
h3 Nd7 16. Nc4 Qf6 17. Ne3 Be6 18. Ng4 Bxg4 19. hxg4 Qd6 20. Nd2 Bd4 21. c3 Ba7
22. Ne4 Qg6 23. b4 Nf6 24. b5 Nxg4 25. bxc6 f5 26. d4 fxe4 27. Rxe4 Nf6 28. Rh4
exd4 29. cxd4 bxc6 30. Bc1 c5 31. Bf1 cxd4 32. Bc4+ Kh8 33. Bd3 Qf7 34. Bg5 Rf8
35. Qd2 Ng8 36. Rc1 Rb6 37. Bf4 Bb8 38. Rc5 Rf6 39. Be5 g5 40. Qxg5 1-0

[Event "Dutch League 2023-24"]
[Site "Netherlands NED"]
[Date "2024.03.23"]
[Round "8.6"]
[White "Van der Eijk, Martijn"]
[Black "Breukelman, Jan"]
[Result "1/2-1/2"]
[BlackTitle "FM"]
[WhiteElo "2232"]
[BlackElo "2411"]
[WhiteTeam "Zukertort Amstelveen"]
[BlackTeam "Paul Keres"]
[WhiteFideId "1026534"]
[BlackFideId "1015583"]
[EventDate "2023.09.16"]
[EventType "team-tourn"]

1. e4 c5 2. c3 d5 3. exd5 Qxd5 4. d4 Nf6 5. Nf3 e6 6. Na3 cxd4 7. Nb5 Qd8 8.
Nbxd4 Be7 9. Bf4 O-O 10. Bc4 a6 11. Qe2 Bd6 12. Bxd6 Qxd6 13. Rd1 Qc7 14. O-O
Nbd7 15. Bxe6 fxe6 16. Nxe6 Qb6 17. Nxf8 Nxf8 18. Qe7 Bg4 19. Rd6 Qxb2 20. Ne5
Bh5 21. Qc7 Qxa2 22. Qxb7 Re8 23. Rxa6 Qd5 24. Qxd5+ Nxd5 25. Re1 Nxc3 26. Ra5
Re6 27. f3 Nd7 1/2-1/2